[Event "Avoine op 27th"]
[Site "Avoine"]
[Date "2012.07.24"]
[Round "4"]
[White "Algaba, Pedro"]
[Black "Gesing, Oliver"]
[Result "0-1"]
[WhiteElo "1902"]
[BlackElo "2165"]
[PlyCount "98"]
[EventDate "2012.07.21"]
[EventType "swiss"]
[EventRounds "9"]
[EventCountry "FRA"]
[SourceTitle "CBM 149 Extra"]
[Source "ChessBase"]
[SourceDate "2012.08.24"]
[SourceVersion "1"]
[SourceVersionDate "2012.08.24"]
[SourceQuality "1"]

1. e4 e6 2. d4 d5 3. exd5 exd5 4. Bd3 Bd6 5. Nf3 Ne7 6. Be3 Nbc6 7. c3 Bg4 8. 0-0 Qd7 9. Nbd2 0-0 10. Qc2 Bf5 11. Rfe1 Rae8 12. Nf1 Bg6 13. Ng3 f5 14. Bg5 f4 15. Bxg6 Nxg6 16. Rxe8 Qxe8 17. Re1 Qf7 18. Nf1 h6 19. Bh4 Nh8 20. Qe2 g5 21. Bxg5 hxg5 22. Nxg5 Qf5 23. Qe6+ Qxe6 24. Rxe6 Nd8 25. Re1 Nhf7 26. Nf3 Kg7 27. h3 Nh6 28. N1h2 Kf6 29. Kf1 Ndf7 30. Re2 c6 31. Ke1 Rd8 32. Kf1 Rd7 33. Ke1 Re7 34. Rxe7 Bxe7 35. Ke2 Kf5 36. Nd2 Nd6 37. f3 b6 38. b3 Kg5 39. Kd3 Ndf5 40. Nhf1 Nh4 41. g3 fxg3 42. Nxg3 N6f5 43. Ne2 Bd6 44. c4 Ng2 45. cxd5 cxd5 46. Kc3 Nf4 47. Nc1 Ba3 48. Nd3 Ne2+ 49. Kc2 Ne3+ 0-1

[Event "Avoine op 25th"]
[Site "Avoine"]
[Date "2010.07.22"]
[Round "6"]
[White "Cau, Benjamin"]
[Black "Algaba, Pedro"]
[Result "1-0"]
[WhiteElo "2172"]
[BlackElo "1900"]
[PlyCount "107"]
[EventDate "2010.07.17"]
[EventType "swiss"]
[EventRounds "9"]
[EventCountry "FRA"]
[SourceTitle "EXT 2011"]
[Source "ChessBase"]
[SourceDate "2010.11.26"]
[SourceVersion "1"]
[SourceVersionDate "2010.11.26"]
[SourceQuality "1"]

1. e4 c5 2. Nf3 d6 3. d4 cxd4 4. Nxd4 Nf6 5. Nc3 a6 6. g3 Nc6 7. Bg2 Bg4 8. Qd2 e5 9. Nb3 Be7 10. h3 Bd7 11. 0-0 0-0 12. Qd1 Rc8 13. Re1 h6 14. Nd2 b5 15. a3 Na5 16. Nf1 Nc4 17. Qd3 Qc7 18. Ne3 Nxe3 19. Bxe3 Rfd8 20. Kh2 Be6 21. Rac1 Qd7 22. Red1 Bc4 23. Qd2 Qc6 24. Nd5 Bxd5 25. exd5 Qb7 26. c3 Nd7 27. Ra1 f5 28. a4 Nc5 29. Bxc5 Rxc5 30. axb5 Rxb5 31. b4 Ra8 32. Bf1 Rb6 33. Ra5 Bf6 34. Rda1 e4 35. R1a3 Qc8 36. b5 Bd8 37. Rxa6 Rbxa6 38. Rxa6 Rxa6 39. bxa6 Qc5 40. h4 Bb6 41. Kg2 Kf7 42. h5 Kf6 43. g4 e3 44. Qd3 exf2 45. Qxf5+ Ke7 46. Bd3 Qe3 47. Be4 Bc5 48. a7 f1Q+ 49. Kxf1 Qc1+ 50. Ke2 Qb2+ 51. Bc2 Qb7 52. Qe6+ Kf8 53. Kf3 Qa6 54. a8Q+ 1-0

[Event "Fouesnant op 15th"]
[Site "Fouesnant"]
[Date "2009.10.27"]
[Round "5"]
[White "Kerbaol, Jacques"]
[Black "Algaba, Pedro"]
[Result "0-1"]
[WhiteElo "1674"]
[BlackElo "1874"]
[PlyCount "90"]
[EventDate "2009.10.26"]
[EventType "swiss"]
[EventRounds "9"]
[EventCountry "FRA"]
[SourceTitle "EXT 2010"]
[Source "ChessBase"]
[SourceDate "2010.11.25"]
[SourceVersion "1"]
[SourceVersionDate "2010.11.25"]
[SourceQuality "1"]

1. e4 c5 2. d4 cxd4 3. c3 Nf6 4. e5 Nd5 5. cxd4 e6 6. Nf3 Nc6 7. Bc4 Bb4+ 8. Bd2 Nb6 9. Bb3 d5 10. Bxb4 Nxb4 11. 0-0 Bd7 12. Nc3 Rc8 13. a3 Na6 14. Qd3 Nc4 15. Bxc4 dxc4 16. Qe2 Bc6 17. Rfd1 0-0 18. Rac1 b5 19. Ne4 Rc7 20. Nd6 Rd7 21. Qe3 Nc7 22. a4 a6 23. Qa3 Nd5 24. axb5 axb5 25. Ra1 Nf4 26. Qe3 Ng6 27. Ra6 Bxf3 28. Qxf3 b4 29. Rda1 Qg5 30. h3 Nh4 31. Qg4 h6 32. g3 Qxg4 33. hxg4 Nf3+ 34. Kg2 Nxd4 35. Nxc4 Rc7 36. Nd6 Rc2 37. Rb1 Nc6 38. Rb6 Nxe5 39. Rxb4 Nd3 40. Rb7 Rxf2+ 41. Kg1 Rd2 42. b4 Ne5 43. Ne4 Nf3+ 44. Kf1 Rh2 45. Rb3 Ra8 0-1

[Event "Pornic op"]
[Site "Pornic"]
[Date "2009.08.??"]
[Round "6"]
[White "Nemety, Laszlo"]
[Black "Algaba, Pedro"]
[Result "1-0"]
[WhiteElo "2121"]
[BlackElo "1896"]
[PlyCount "49"]
[EventDate "2009.08.??"]
[EventType "swiss"]
[EventRounds "6"]
[EventCountry "FRA"]
[SourceTitle "EXT 2010"]
[Source "ChessBase"]
[SourceDate "2010.11.25"]
[SourceVersion "1"]
[SourceVersionDate "2010.11.25"]
[SourceQuality "1"]

1. Nc3 Nf6 2. d4 d5 3. e3 g6 4. Nge2 Bg7 5. g3 Bf5 6. Bg2 c6 7. f3 Qb6 8. 0-0 0-0 9. h3 Na6 10. e4 dxe4 11. fxe4 Bd7 12. Kh2 Rad8 13. Bg5 h6 14. Be3 Bc8 15. Qd2 Kh7 16. d5 Qc7 17. Rad1 Qd7 18. Bxa7 cxd5 19. exd5 Nc7 20. Bc5 Rfe8 21. Qf4 h5 22. Bb6 Nb5 23. Bxd8 Rxd8 24. Ne4 Ne8 25. Ng5+ 1-0

[Event "Fouesnant op 14th"]
[Site "Fouesnant"]
[Date "2008.10.26"]
[Round "3"]
[White "Algaba, Pedro"]
[Black "Maisonneuve, Lionel"]
[Result "1-0"]
[WhiteElo "1925"]
[BlackElo "1654"]
[PlyCount "31"]
[EventDate "2008.10.25"]
[EventType "swiss"]
[EventRounds "9"]
[EventCountry "FRA"]
[SourceTitle "EXT 2009"]
[Source "ChessBase"]
[SourceDate "2008.11.26"]
[SourceVersion "1"]
[SourceVersionDate "2008.11.26"]
[SourceQuality "1"]

1. e4 d5 2. exd5 Qxd5 3. Nc3 Qa5 4. d4 c6 5. Bd3 Nf6 6. Bd2 Bg4 7. f3 Bf5 8. Nge2 e5 9. Ne4 Qd8 10. dxe5 Nxe4 11. Bxe4 Bc5 12. Ng3 Bg6 13. Qe2 Nd7 14. 0-0-0 Qb6 15. e6 Bxe4 16. exd7+ 1-0

[Event "Fouesnant op 12th"]
[Site "Fouesnant"]
[Date "2006.10.31"]
[Round "5"]
[White "Algaba, Pedro"]
[Black "Peyre, Thomas"]
[Result "1/2-1/2"]
[WhiteElo "2004"]
[BlackElo "1776"]
[PlyCount "106"]
[EventDate "2006.10.28"]
[EventType "swiss"]
[EventRounds "9"]
[EventCountry "FRA"]
[SourceTitle "EXT 2008"]
[Source "ChessBase"]
[SourceDate "2007.11.25"]
[SourceVersion "1"]
[SourceVersionDate "2007.11.25"]
[SourceQuality "1"]

1. e4 e6 2. d4 d5 3. exd5 exd5 4. Bd3 Bd6 5. Nf3 Bg4 6. 0-0 Ne7 7. h3 Bh5 8. Be3 Bg6 9. Re1 0-0 10. Ne5 Bxd3 11. Qxd3 Ng6 12. Qf5 Bxe5 13. dxe5 Qd7 14. Qh5 Nc6 15. f4 Rad8 16. c3 d4 17. cxd4 Nxd4 18. Na3 Qf5 19. Qg4 h5 20. Qg3 Ne6 21. Rf1 Rd3 22. Rf3 Ngxf4 23. Re1 g5 24. h4 g4 25. Rxf4 Rxe3 26. Rxf5 Rxg3 27. Kf2 Rd3 28. Rxh5 Rd2+ 29. Kg3 Rxb2 30. Re4 Rd8 31. Rxg4+ Kf8 32. Rh8+ Ke7 33. Rxd8 Kxd8 34. Ra4 a6 35. h5 Rxa2 36. h6 Nf8 37. Rd4+ Ke7 38. Nc4 Ra4 39. Rh4 b5 40. Ne3 Rxh4 41. Kxh4 Ke6 42. Kg5 Nh7+ 43. Kf4 a5 44. Ke4 c5 45. Nd5 b4 46. Nf4+ Kd7 47. Kd5 b3 48. Nd3 Ke7 49. Nb2 Kd7 50. Kxc5 Ke6 51. Kd4 f6 52. exf6 Kxf6 53. Kc4 Kg6 1/2-1/2

[Event "Fouesnant op 10th"]
[Site "Fouesnant"]
[Date "2004.10.25"]
[Round "4"]
[White "Le Carre, Claude"]
[Black "Algaba, Pedro"]
[Result "1/2-1/2"]
[WhiteElo "1860"]
[BlackElo "2054"]
[PlyCount "104"]
[EventDate "2004.10.23"]
[EventType "swiss"]
[EventRounds "9"]
[EventCountry "FRA"]
[SourceTitle "EXT 2007"]
[Source "ChessBase"]
[SourceDate "2006.11.23"]
[SourceVersion "1"]
[SourceVersionDate "2006.11.23"]
[SourceQuality "1"]

1. d4 Nf6 2. c4 e6 3. Nf3 Bb4+ 4. Bd2 a5 5. a3 Bxd2+ 6. Qxd2 0-0 7. Nc3 d6 8. e3 b6 9. Be2 Bb7 10. Qc2 Nbd7 11. 0-0-0 Qe7 12. Rhg1 e5 13. g4 e4 14. Ng5 h6 15. Nh3 g5 16. Rg3 d5 17. Kb1 c6 18. Rf1 Ba6 19. cxd5 Bxe2 20. Qxe2 cxd5 21. f4 exf3 22. Qxf3 Qe6 23. Qf5 Ne4 24. Nxe4 dxe4 25. Qb5 Rac8 26. Rf5 Qc6 27. Nxg5 Qxb5 28. Rxb5 Rfe8 29. Nh3 Kf8 30. Rh5 Rc6 31. g5 hxg5 32. Rh8+ Ke7 33. Rxe8+ Kxe8 34. Rxg5 Rh6 35. Nf2 Rxh2 36. Nxe4 Re2 37. Nd6+ Ke7 38. Nc4 Ke6 39. Rb5 f5 40. Kc1 Rf2 41. d5+ Kf6 42. Nxb6 Ne5 43. Rb3 Ke7 44. Rc3 Kd6 45. b4 axb4 46. axb4 Ra2 47. Nc4+ Kxd5 48. Nxe5 Kxe5 49. Rb3 Kd5 50. b5 Kc4 51. Rb2 Rxb2 52. Kxb2 Kxb5 1/2-1/2

[Event "Fouesnant op 10th"]
[Site "Fouesnant"]
[Date "2004.10.24"]
[Round "3"]
[White "Algaba, Pedro"]
[Black "Bronznik, Valerij"]
[Result "0-1"]
[WhiteElo "2054"]
[BlackElo "2415"]
[PlyCount "79"]
[EventDate "2004.10.23"]
[EventType "swiss"]
[EventRounds "9"]
[EventCountry "FRA"]
[SourceTitle "EXT 2007"]
[Source "ChessBase"]
[SourceDate "2006.11.23"]
[SourceVersion "1"]
[SourceVersionDate "2006.11.23"]
[SourceQuality "1"]

1. e4 c5 2. Nf3 Nc6 3. d4 cxd4 4. Nxd4 Nf6 5. Nc3 e5 6. Nb3 Bb4 7. Bd3 d5 8. Bd2 Bxc3 9. Bxc3 dxe4 10. Bb5 Qc7 11. Bb4 Bg4 12. Qd6 Qxd6 13. Bxd6 0-0-0 14. Bc5 Kb8 15. h3 Be6 16. Bxc6 bxc6 17. 0-0 Nd5 18. Rfd1 f6 19. Rd2 Nb6 20. Bd6+ Ka8 21. Na5 Rc8 22. Bc5 Rhd8 23. Rxd8 Rxd8 24. Bxb6 axb6 25. Nxc6 Rd2 26. Nb4 Bc8 27. Kf1 e3 28. f3 f5 29. Re1 f4 30. Re2 Rd1+ 31. Re1 Rd2 32. Re2 Rd6 33. b3 g5 34. Ke1 h5 35. c4 g4 36. fxg4 hxg4 37. hxg4 Bxg4 38. Nd5 Rh6 39. Nxe3 Bxe2 40. Kxe2 0-1

[Event "FRA-chT3 01"]
[Site "France"]
[Date "2000.11.19"]
[Round "3"]
[White "Algaba, Pedro"]
[Black "Bodenez, Vincent"]
[Result "0-1"]
[WhiteElo "1810"]
[BlackElo "1980"]
[PlyCount "54"]
[EventDate "2001.??.??"]
[EventType "team"]
[EventRounds "9"]
[EventCountry "FRA"]
[SourceTitle "EXT 2002"]
[Source "ChessBase"]
[SourceDate "2001.11.25"]
[SourceVersion "1"]
[SourceVersionDate "2001.11.25"]
[SourceQuality "1"]
[WhiteTeam "Suce sur Erdre"]
[BlackTeam "Rennes"]
[WhiteTeamCountry "FRA"]
[BlackTeamCountry "FRA"]

1. e4 d5 2. exd5 Nf6 3. d4 Bg4 4. f3 Bf5 5. Bb5+ c6 6. dxc6 Qa5+ 7. Nc3 Nxc6 8. Bd2 0-0-0 9. Bxc6 bxc6 10. Nge2 e5 11. Ne4 Qb6 12. N4g3 Bg6 13. dxe5 Nd5 14. Qc1 Bc5 15. Ne4 Bxe4 16. fxe4 Ne3 17. Nf4 Rxd2 18. Qxd2 Qxb2 19. Ke2 Qxe5 20. Kf3 Rd8 21. Qa5 Rd4 22. Qa6+ Kc7 23. Qa3 Kd7 24. Rhe1 Qxe4+ 25. Kf2 Qxf4+ 26. Kg1 Bb6 27. Qc3 Ng4 0-1